| 000 | 00628nam a2200193Ii 4500 | ||
|---|---|---|---|
| 003 | JO-AjNU | ||
| 008 | 230605s9999||||xx |||||||||||||| ||und|| | ||
| 040 |
_aJO-AjNU _bara _erda _cJO-AjNU |
||
| 041 | _aara | ||
| 050 | 1 | 4 | _aBP166.89.H37 |
| 100 | 3 |
_aحسن، إيهاب, _eauthor _98906 |
|
| 245 | 0 | 0 | _aاستحالة دخول الجن بدن الإنسان |
| 264 | 3 | 1 | _aالقاهرة: مكتبة النافذة، د.ت |
| 300 |
_a260ص _bيتضمن ملحق(ص1-26) |
||
| 336 |
_atext _btxt _2rdacontent |
||
| 337 |
_aunmediated _bn _2rdamedia |
||
| 338 |
_avolume _bnc _2rdacarrier |
||
| 650 | 4 |
_aالانسان- الجن _98907 |
|
| 999 |
_aA1027 _c4595 _d4595 |
||